trouver le pays d'asie par capitale - Statistiques

Statistiques générales
  • Ce quiz a été pris 435 fois
  • Le résultat moyen est 34 sur 46
Statistiques - réponses
Hint Réponse % Correct
Seoul corée du sud
93%
Pekin chine
92%
Jerusalem israel
92%
Tokyo japon
92%
New delhi inde
90%
Singapour singapour
90%
Ankara turquie
90%
Koweit koweit
89%
Bangkok thailande
87%
Pyongyang corée du nord
86%
Abou dabi émirats arabes unis
86%
Jakarta indonésie
84%
Beyrouth liban
84%
Bagdad irak
83%
Kaboul afghanistan
82%
Téhéran iran
82%
Doha qatar
82%
Riyad arabie saoudite
81%
HanoÏ viet nam
80%
Manille philippines
79%
Sri jayawardenapura kotte sri lanka
79%
Phnom penh cambodge
77%
Damas syrie
77%
Kuala lumpur malaisie
76%
Nicosie chypre
74%
Oulan bator mongolie
73%
Islamabad pakistan
73%
Katmandou nepal
72%
Erevan armenie
70%
Taipei taiwan
70%
Tbilissi géorgie
66%
Sanaa yemen
66%
Bakou azerbaidjan
63%
Vientiane laos
63%
Malé maldives
61%
Amman jordanie
60%
Dacca bangladesh
58%
Mascate oman
54%
Achgabat turkmenistan
53%
Thimphou bhoutan
51%
Bichkek kirghizistan
51%
Bandar seri bedawan brunei
50%
Tachkent ouzbekistan
50%
Diili timor oriental
49%
Naypyidaw birmanie
48%
Douchanbé tadjikistan
48%
Manama bahrein
46%
Noursoultan kazakhstan
35%
Aucun quiz correspondant
Distribution des résultats
% des personnes avec chaque résultat
Percentile par nombre de réponses
Votre historique - résultats
Vous n’avez pas pris ce quiz